El Derecho ante las formas contemporáneas de esclavitud
Spremljeno u:
| Glavni autor: | |
|---|---|
| Format: | Knjiga |
| Jezik: | španjolski |
| Izdano: |
Valencia
Tirant Lo Blanch
2017
|
| Izdanje: | 1a. ed |
| Serija: | Homenajes y Congresos
|
| Teme: | |
| Oznake: |
Dodaj oznaku
Bez oznaka, Budi prvi tko označuje ovaj zapis!
|
MARC
| LEADER | 00000cam a2200000 a 4500 | ||
|---|---|---|---|
| 001 | UCC9546 | ||
| 003 | CL-VaPUC | ||
| 008 | 191004e20170000sp |||||||||||||||||spa|d | ||
| 020 | |a 9788491196822 | ||
| 082 | 0 | 4 | |a 326 |b PER |2 21 |
| 100 | 0 | |a Pérez Alonso, Esteban |e author |9 604689 | |
| 245 | 1 | 3 | |a El Derecho ante las formas contemporáneas de esclavitud |
| 250 | |a 1a. ed | ||
| 300 | |a 1095 p | ||
| 942 | |c BK | ||
| 945 | |d 20191004 13:59:00 |a dcastane | ||
| 260 | |a Valencia |b Tirant Lo Blanch |c 2017 | ||
| 650 | 0 | |a Esclavitud |9 323605 | |
| 650 | 0 | |a Derechos humanos |9 223025 | |
| 583 | |a last modification |c 20191004 13:59:00 |k Rodrigo Vera | ||
| 490 | 0 | |a Homenajes y Congresos | |
| 999 | |c 375726 |d 375724 | ||
| 952 | |0 0 |1 0 |3 erb |4 0 |6 326_000000000000000_PER_2017 |7 0 |8 WP_COW |9 561528 |a BIBDER |b BIBDER |e Fundación W and P Cowley |i 5603196 |o 326 PER 2017 |p 5603196 |r 2023-01-25 |w 2020-03-12 |y BK |z Catalogado en:20191004 |k WPC | ||